| 000 | 00499 a2200169 4500 | ||
|---|---|---|---|
| 999 |
_c7512 _d7512 |
||
| 010 | _aENG-88027 | ||
| 020 |
_c180.00 _a8190328131 |
||
| 035 | _aEN-71560, B-228603 | ||
| 037 | _bDBAD / PUB | ||
| 082 | 1 | 4 | _a372.6521044 |
| 100 | _aPaliwal, A.K. | ||
| 245 | 1 |
_aTeaching of english/ _cby A.K. Paliwal |
|
| 260 |
_aJaipur _bNeelkanth Pustak Mandir _c2007 |
||
| 270 |
_aA-11, Kumawat Bari, Khatipura, _bJaipur |
||
| 300 |
_a263p. _c22cm (pbk) |
||
| 942 |
_adpl _cEN _2ddc _h372.6521044 _mPAL |
||